| LEADER | 01491nam a2200289 a 4500 | ||
|---|---|---|---|
| 001 | GR-MES726 | ||
| 008 | 991111s1983 gr 000 0 gre d | ||
| 040 | |a GrPaTEI |b gre |c GR-PaULI | ||
| 082 | 0 | |a 633.1 | |
| 245 | 0 | 0 | |a Χειμερινά σιτηρά. |
| 260 | |a Αθήνα : |b [χ.ό.], |c 1983 | ||
| 300 | |a xiv, 413 σελ., εικ. | ||
| 500 | |a περιλαμβάνει βιβλιογραφικές αναφορές | ||
| 650 | 4 | |a Βρίζα | |
| 650 | 4 | |a Βρώμη | |
| 650 | 4 | |a Κριθάρι | |
| 650 | 4 | |a Σιτάρι | |
| 650 | 4 | |a Σιτηρά | |
| 650 | 4 | |a Σιτηρά |x Ποικιλίες | |
| 650 | 4 | |a Χειμερινά | |
| 700 | 1 | |a Δαλιάνης, Κωνσταντίνος Δ. | |
| 942 | |2 ddc | ||
| 952 | |0 0 |1 0 |2 ddc |4 0 |6 633_100000000000000_ΔΑΛ |7 0 |9 264214 |a MSLG |b MSLG |c BSC |d 2021-01-17 |e 24 |f 0 |g 0.00 |l 0 |o 633.1 ΔΑΛ |p 2420000004165 |r 2021-01-17 00:00:00 |t 1 |v 2021.00 |w 2021-01-17 |y BK15 |x Μεταφορά από Αμαλιάδα (18/10/22) |x GrPaTEI | ||
| 952 | |0 0 |1 0 |2 ddc |4 0 |6 633_100000000000000_ΔΑΛ |7 0 |9 264215 |a MSLG |b MSLG |c BSC |d 2021-01-17 |e 24 |f 0 |g 0.00 |l 0 |o 633.1 ΔΑΛ |p 2420000017173 |r 2021-01-17 00:00:00 |t 1 |v 2021.00 |w 2021-01-17 |y BK15 |x Μεταφορά από Αμαλιάδα (18/10/22) |x GrPaTEI | ||
| 952 | |0 0 |1 0 |2 ddc |4 0 |6 633_100000000000000_ΔΑΛ |7 0 |9 264216 |a MSLG |b MSLG |c BSC |d 2021-01-17 |e 24 |f 0 |g 0.00 |l 0 |o 633.1 ΔΑΛ |p 2420000005786 |r 2021-01-17 00:00:00 |t 1 |w 2021-01-17 |y BK15 |x 19991111 0 1 |x GrPaTEI | ||
| 971 | |a .b25717674 |b 01-10-20 |c 13-09-16 | ||
| 999 | |c 152042 |d 152042 | ||